Влияние концентрации наночастиц TiO2 на корнеобразование пшеницы; Научная инициатива иностранных студентов и аспирантов

Bibliografiset tiedot
Parent link:Научная инициатива иностранных студентов и аспирантов.— 2022.— [С. 692-696]
Päätekijä: Алпысбай Б. Б. Бекжан Бауыржанулы
Yhteisötekijä: Национальный исследовательский Томский политехнический университет Инженерная школа новых производственных технологий Отделение материаловедения
Muut tekijät: Годымчук А. Ю. Анна Юрьевна (научный руководитель)
Yhteenveto:Заглавие с экрана
Kieli:venäjä
Julkaistu: 2022
Sarja:Актуальные проблемы естественных наук
Aiheet:
Linkit:http://earchive.tpu.ru/handle/11683/73114
Aineistotyyppi: Elektroninen Kirjan osa
KOHA link:https://koha.lib.tpu.ru/cgi-bin/koha/opac-detail.pl?biblionumber=634811

MARC

LEADER 00000naa2a2200000 4500
001 634811
005 20231101133830.0
035 |a (RuTPU)RU\TPU\conf\36629 
035 |a RU\TPU\conf\36624 
090 |a 634811 
100 |a 20220916d2022 k y0rusy50 ca 
101 0 |a rus 
102 |a RU 
105 |a y z 101zy 
135 |a drgn ---uucaa 
181 0 |a i  
182 0 |a b 
200 1 |a Влияние концентрации наночастиц TiO2 на корнеобразование пшеницы  |f Б. Б. Алпысбай  |g науч. рук. А. Ю. Годымчук 
203 |a Текст  |c электронный 
225 1 |a Актуальные проблемы естественных наук 
230 |a 1 компьютерный файл (pdf; 555 Kb) 
300 |a Заглавие с экрана 
320 |a [Библиогр.: с. 696 (3 назв.)] 
463 0 |0 (RuTPU)RU\TPU\conf\36575  |t Научная инициатива иностранных студентов и аспирантов  |o сборник докладов II Международной научно-практической конференции, Томск, 26-28 апреля 2022 г.  |f Национальный исследовательский Томский политехнический университет. Школа базовой инженерной подготовки  |v [С. 692-696]  |d 2022 
610 1 |a электронный ресурс 
610 1 |a труды учёных ТПУ 
610 1 |a концентрация 
610 1 |a наночастицы 
610 1 |a корнеобразование 
610 1 |a пшеница 
610 1 |a оксиды металлов 
610 1 |a морфометрические характеристики 
610 1 |a всхожесть 
610 1 |a семена 
700 1 |a Алпысбай  |b Б. Б.  |g Бекжан Бауыржанулы 
702 1 |a Годымчук  |b А. Ю.  |c специалист в области нанотехнологий и наноматериалов  |c доцент Томского политехнического университета, кандидат технических наук  |f 1978-  |g Анна Юрьевна  |2 stltpush  |4 727 
712 0 2 |a Национальный исследовательский Томский политехнический университет  |b Инженерная школа новых производственных технологий  |b Отделение материаловедения  |h 7871  |2 stltpush  |3 (RuTPU)RU\TPU\col\23508 
801 2 |a RU  |b 63413507  |c 20221011  |g RCR 
856 4 |u http://earchive.tpu.ru/handle/11683/73114 
942 |c BK